000 01248cas a22002535a 4500
001 L153367
008 110718c2009 xxkm eng u
035 _a(Sirsi) u153367
041 0 _aeng
050 _a333.33 $2 18
110 2 _aCushman & Wakefield
_95888
245 0 0 _aBusiness briefing
_bthe UK property investment market
_h[electronic resource]
260 _aLondon
_bCushman & Wakefield
_c2009-
362 0 _aJune 2009-
490 0 _aCushman & Wakefield Business Briefing: The UK Property Investment Market
520 _aOverview of activity in the UK commercial property investment market providing a market summary, sector trends, and yield data.
554 _aTwelve per year
650 2 4 _aCUSHMAN & WAKEFIELD BUSINESS BRIEFING: THE UK PROPERTY INVESTMENT MARKET
651 4 _aUnited Kingdom
_y
690 _aPROPERTY-COMMERCIAL PROPERTY-COMMERCIAL PROPERTY MARKET
690 _aPROPERTY-COMMERCIAL PROPERTY-COMMERCIAL PROPERTY FINANCE AND INVESTMENT
856 4 0 _uhttps://www.cushwake.com/cwglobal/jsp/kcGlobalReportArchive.jsp?Country=GLOBAL&Language=EN&catId=100001&sector=ALL
_zView the business briefing free of charge after registration (scroll through page links for earlier issues) at www.cushwake.com
942 _n0
999 _c119333
_d119333